000 00393nam a2200133Ia 4500
005 20260326235439.0
008 260326s9999||||xx |||||||||||||| ||und||
100 _aFernández Alba, Antonio
245 0 _aMás allá del Posmoderno :
_b Crítica a la Arquitectura reciente /
_cAntonio Fernández Alba
260 _bGustavo Gili
300 _a158 p.
650 _aARQUITECTURA-GENERAL
942 _cBK
999 _c7318
_d7318